| 000 | 00616nam a2200229Ia 4500 | ||
|---|---|---|---|
| 003 | OSt | ||
| 005 | 20220928102244.0 | ||
| 006 | a|||||r|||| 00| 0 | ||
| 007 | ta | ||
| 008 | 220927b |||||||| |||| 00| 0 eng d | ||
| 024 | _a32448 | ||
| 037 | _cTextual | ||
| 040 |
_aSDCL _cSDCL _beng |
||
| 041 |
_2eng _aeng |
||
| 082 | _aO152,6Nx, P2 | ||
| 100 |
_aSureshchander _9397459 |
||
| 245 | 0 | _aSamkalin mulya bodh aur sanshaya ki ek raat. | |
| 260 |
_aMathura _bJawahar pustakalya _c2002 |
||
| 300 |
_a151p. _ccm. |
||
| 942 |
_hO152,6Nx, P2 _cTEXL _2CC |
||
| 999 |
_c713247 _d713247 |
||